Normal view
MARC view
- Brown ,Kenneth E
Entry Personal Name
001 - CONTROL NUMBER
- control field: 101706
003 - CONTROL NUMBER IDENTIFIER
- control field: NUST
005 - DATE AND TIME OF LATEST TRANSACTION
- control field: 20221028191118.0
008 - FIXED-LENGTH DATA ELEMENTS
- fixed length control field: 221028|| aca||aabn | a|a d
040 ## - CATALOGING SOURCE
- Original cataloging agency: NUST
- Transcribing agency: NUST
100 ## - HEADING--PERSONAL NAME
- Personal name: Brown ,Kenneth E
670 ## - SOURCE DATA FOUND
- Source citation: Work cat.: (NUST)179989: Brown ,Kenneth E, Introduction to High School Mathematics /, 1970
